000 00312nam a22001337a 4500
020 _a0-93702-04-0
082 _a547 MCL'I
100 _aMCLAFFERTY, R. W
_967098
245 _aINTERPRETATION OF MASS SPECTRA
250 _a3RD
260 _aCALIFORNIA
_bUNIVERSITY SCIENCE
_c1980
300 _a303P
942 _cBK
999 _c574948
_d574948